000 01451nmc a2200469 a 4500
003 AR-BaBNM
005 20251128204332.0
008 295119s1994 ||||||||||||||000 | spa||
020 _a84-87767-26-5
040 _cAR-BaBNM
245 1 0 _aTeoría y desarrollo del curriculum
260 _aMálaga
_bEdiciones Aljibe
_c1994
300 0 _a424 p.
_bgráfs.
490 0 _aBiblioteca de educación
500 0 _aIntroducción por los autores
504 _aBibliografía p. 395-424
600 1 4 _aContreras Domingo, José
600 1 4 _aMartínez Rodríguez, Bautista
600 1 4 _aPérez Gómez, Angel I.
600 1 4 _aSalinas Fernández, Dino
600 1 4 _aMartínez Bonafe, Jaume
600 1 4 _aAlcalá, Manuel
600 1 4 _aFernández Sierra, Juan
600 1 4 _aAlvarez Méndez, Juan Manuel
600 1 4 _aSantos Guerra, Miguel Angel
600 1 4 _aBeltrán Llavador, Francisco
600 1 4 _aRudduck, Jean
650 4 _aPLAN DE ESTUDIOS
650 4 _aAPTITUD PARA LA ESCOLARIDAD
650 4 _aENFOQUE TEMATICO
650 4 _aPAPEL DEL ALUMNO
650 4 _aPLANIFICACION DEL PLAN DE ESTUDIO
650 4 _aCONTENIDO DEL PROGRAMA
650 4 _aEVALUACION DEL PROGRAMA
653 0 _aINNOVACIONES EDUCATIVAS
653 0 _aPROBLEMAS EDUCATIVOS
653 0 _aINVESTIGACION EDUCATIVA
700 1 _aAngulo Rasco, J. Félix
_ecoordinador
700 1 _aBlanco Garcia, Nieves
_ecoordinador
942 _cBK
998 _cCarmen
999 _c7067
_d7067